MARC

LEADER 00000nam0a2200000 4500
001 200235
005 20231031184624.0
035 |a (RuTPU)RU\TPU\book\218296 
090 |a 200235 
100 |a 20110902d1989 k y0rusy50 ca 
101 0 |a rus 
102 |a RU 
105 |a a z 001zy 
200 1 |a Перспективы нефтегазоносности отложений Западной Сибири  |e сборник научных трудов  |f Западно-Сибирский научно-исследовательский геологоразведочный нефтяной институт (ЗапСибНИГНИ) ; под ред. И. И. Нестерова 
210 |a Тюмень  |c ЗапСибНИГНИ  |d 1989 
215 |a 162 с.  |c ил. 
320 |a Библиогр. в конце ст. 
610 1 |a нефтегазоносность 
610 1 |a Западная Сибирь 
610 1 |a отложения 
610 1 |a перспективы 
610 1 |a разведка 
610 1 |a геофизические методы 
675 |a 553.98.041  |v 3 
702 1 |a Нестеров  |b И. И.  |4 340 
712 0 2 |a Западно-Сибирский научно-исследовательский геологоразведочный нефтяной институт (ЗапСибНИГНИ)  |c (Тюмень)  |2 stltpush  |3 (RuTPU)RU\TPU\col\2064 
801 1 |a RU  |b 63413507  |c 20110902 
801 2 |a RU  |b 63413507  |c 20110906  |g RCR 
942 |c BK